| 000 | 00930nam a2200253Ia 4500 | ||
|---|---|---|---|
| 003 | OSt | ||
| 005 | 20220923220246.0 | ||
| 006 | a|||||r|||| 00| 0 | ||
| 007 | ta | ||
| 008 | 220922b |||||||| |||| 00| 0 hin d | ||
| 024 | _a185,519 | ||
| 037 | _cTextual | ||
| 040 |
_aARTS _cARTS _bhin |
||
| 041 |
_2hin _ahin |
||
| 082 | _aO152,1(Q224):g, L9 | ||
| 100 |
_aतोमर, मोहन सिह _9157452 |
||
| 245 | 0 | _aहिन्दी रामकाव्य और विष्णुदास की रामायन कथा | |
| 246 | _aHindī rāmakāvya aur viṣhṇudās kī rāmāyan kathā | ||
| 260 |
_aदिल्ली _b तक्षशिला प्रकाशन _c1979 |
||
| 300 |
_a131 पृ. _ccm. |
||
| 650 |
_aहिन्दी साहित्य _9156264 |
||
| 942 |
_hO152,1(Q224):g, L9 _cTEXL _2CC |
||
| 999 |
_c338765 _d338765 |
||